000 00762cam a22002414a 4500
005 20250605164326.0
008 250528s ||||||||||||||||||||||||d
035 _a23059
020 _a9780803984318
040 _aGR-AtMCL
_bgre
_dGR-AtMCL
_eAACR2
245 1 _aUSING COMMUNICATION THEORY
250 _a1
260 _bSage Publications,
_c1992
300 _a248
505 0 _aTHE BASICS THEORETICAL APPROACHES TO CUMMUNICATION PLANNING THE ELEMENTS OF MASS COMMUNICATION THEORY
520 _aTHE BASICS THEORETICAL APPROACHES TO CUMMUNICATION PLANNING THE ELEMENTS OF MASS COMMUNICATION THEORY
700 1 _aOlson Jean T
_9664
700 1 _aSignitzer Benno
_9665
700 1 _aWindahl Sven
_9661
942 _cBK
999 _c8099
_d8099